000 00803nam a22001817a 4500
008 111124t xxu||||| |||| 00| 0 eng d
020 _a0072875577
050 _aHB171.5.M473
100 _aMcConnell, Campbell R.
245 _aMacroeconomics: principles, problems and policies /
_cCampbell R. McConnell
250 _a16th ed.
260 _aBoston:
_bMcGraw Hill,
_c2005.
300 _axxiii, 399 + various pagings:
_bill.
_c26cm.
500 _aIncludes index.
505 _aContents: An Introduction to economics and the economy -- Macroeconomic measurement and basic concepts -- Macroeconomic models and fiscal policy -- Money, banking and monetary policy -- Long-run perspectives and macroeconomic debates -- International economics and the world economy.
650 _aEconomics.
942 _2lcc
_cBK
999 _c294
_d7794